Financial Accounting For Managers / (Record no. 198318)

MARC details
000 -LEADER
fixed length control field 00608nam a22001937a 4500
005 - DATE AND TIME OF LATEST TRANSACTION
control field 20230918155113.0
010 ## - LCCN (DPL NO)
LC control number ENG-138124
020 ## - INTERNATIONAL STANDARD BOOK NUMBER
International Standard Book Number 9789357059602
Terms of availability 649.00
035 ## - SYSTEM CONTROL NUMBER
System control number EN-121656
037 ## - SOURCE OF ACQUISITION
Source of stock number/acquisition DBAD/PUB
082 ## - DEWEY DECIMAL CLASSIFICATION NUMBER
Classification number 657
100 ## - MAIN ENTRY--PERSONAL NAME
Personal name Dhamija, Sanjay
245 ## - TITLE STATEMENT
Title Financial Accounting For Managers /
Statement of responsibility, etc By Sanjay Dhamija
260 ## - PUBLICATION, DISTRIBUTION, ETC. (IMPRINT)
Place of publication, distribution, etc Uttar Pradesh
Name of publisher, distributor, etc Pearson India Education Services Pvt.Ltd.
Date of publication, distribution, etc 2023
270 ## - ADDRESS
Address 1st Floor, Berger Tower, Plot No. C-001A/2, Sector 16B
City Noida
Postal code 201301
300 ## - PHYSICAL DESCRIPTION
Extent 515 p.
Dimensions 24cm(pbk)
700 ## - ADDED ENTRY--PERSONAL NAME
9 (RLIN) 56652
942 ## - ADDED ENTRY ELEMENTS (KOHA)
Source of classification or shelving scheme Dewey Decimal Classification
Item type English Books
Classification part 657
Call number suffix DHA
Holdings
Withdrawn status Lost status Not for loan Collection code Home library Current library Date acquired Source of acquisition Cost, normal purchase price Full call number Barcode Copy number Cost, replacement price Koha item type
      Non-fiction Vinoba Puri Vinoba Puri 18/09/2023 DBAD/PUB 649.00 657 DHA EN-121656 1 649.00 English Books

© Delhi Public Library
Hit Counter
free hit counter